| 000 | 01444nam a22003497a 4500 | ||
|---|---|---|---|
| 001 | BR8500850 | ||
| 003 | BR-BrBNA | ||
| 005 | 20230928092056.0 | ||
| 007 | ta | ||
| 008 | 230509b bl.||||| |||| 00| 0 por d | ||
| 040 |
_aBR-BrBNA _bpor _cBiblioteca Nacional de Agricultura |
||
| 041 | _a(Por) | ||
| 072 |
_aF24 _b/G514 |
||
| 090 | _ F24 BR8500850 | ||
| 100 | 1 | _aValerio Filho, M. | |
| 110 | 1 |
_aEscola Superior de Agricultura Luiz de Queiroz, Piracicaba, SP (Brasil) _0Tese (Doutor em Agronomia) |
|
| 245 | 1 | _aParametros da drenagem e do relevo na caracterizacao de solos e suas relacoes fotointerpretativas em imagens de pequena escala [latossolo roxo, podzolico vermelho amarelo, latossolo vermelho amarelo, Sao Paulo, Brasil] | |
| 246 | 1 | _aDrainage and relief parameters in soil characterization and their relationships to photo interpretation in small scale photographs [dusky red latosol, red-yellow podzolic soil, red-yellow latosol, Sao Paulo, Brazil] | |
| 260 | 3 |
_aPiracicaba, SP (Brasil): _c1984. |
|
| 300 | _a150 p. | ||
| 500 | _a28 illus.; 20 tables; Bibliography p. 114-126 (107 ref.); Summaries (Eng, Por) | ||
| 650 | _aFOTOINTERPRETACAO | ||
| 650 | _aAEROFOTOGRAMETRIA | ||
| 650 | _aRELEVO | ||
| 650 | _aDRENAGEM | ||
| 650 | _aLATOSSOLO ROXO | ||
| 650 | _aPODZOLICO VERMELHO AMARELO | ||
| 650 | _aLATOSSOLO VERMELHO AMARELO | ||
| 650 | _aSAO PAULO | ||
| 909 |
_a202309 _bLucia _c55 _dLucia Elande |
||
| 942 | _cBK | ||
| 999 |
_c37021 _d37021 |
||